Vytápění, větrání, instalace : časopis společnosti pro techniku prostrědí

Uložené v:
Podrobná bibliografia
Predchádzajúci názov:Zdravotnícka technika a vzduchotecnika
Médium: Časopis
Jazyk:Czech
Vydané: Praha : Společnost pro techniku prostředí, 1991-
Tagy: Pridať tag
Žiadne tagy, Buďte prvý kto otaguje tento záznam!

MARC

LEADER 00000nas a22000001a 4500
001 000299549
003 SVKK
005 20040921142041.0
008 960805c19911992xr r|p||| |0 a0cze
022 |a 1210-1389 
040 |a BAA001  |b slo 
080 |a 697  |2 2002 
210 1 |a Vytáp. větr. instal. 
222 0 |a Vytápění, větrání, instalace 
245 0 0 |a Vytápění, větrání, instalace :  |b časopis společnosti pro techniku prostrědí 
246 3 3 |a V.V.I. 
260 |a Praha :  |b Společnost pro techniku prostředí,  |c 1991- 
310 |a Štvrťročník 
362 0 |a 1991----- 
780 0 0 |t Zdravotnícka technika a vzduchotecnika  |x 0044-1988 
910 |a KEA001  |b C.6142 
998 |a SE 
090 |g CASOS  |k Sklad  |a C.6142  |i 2720131354  |s Zviazaný časopis 
090 |g CASOS  |k Sklad  |a C.6142  |i 2720219381  |s Zviazaný časopis 
090 |g CASOS  |k Sklad  |a C.6142  |i 299549-10  |s Zviazaný časopis 
090 |g CASOS  |k Sklad  |a C.6142  |i 299549-20  |s Zviazaný časopis 
090 |g CASOS  |k Sklad  |a C.6142  |i 299549-30  |s Zviazaný časopis 
090 |g CASOS  |k Sklad  |a C.6142  |i 299549-40  |s Zviazaný časopis 
090 |g CASOS  |k Sklad  |a C.6142  |i 299549-70  |s Zviazaný časopis 
090 |g CASOS  |k Sklad  |a C.6142  |i 299549-80  |s Zviazaný časopis 
090 |g CASOS  |k Sklad  |a C.6142  |i 299549-90  |s Zviazaný časopis